000
00368nam a22001577a 4500
003
MPLRDC
005
20220104124149.0
008
210129b ||||| |||| 00| 0 eng d
082
_a
856.8 SZ
100
_a
不详
245
_a
中国民间寓言
_c
260
_a
_b
世界出版社
_c
300
_b
平
650
_a
函牍及杂著--寓言
942
_c
BK
_o
856.8 SZ
999
_c
17139
_d
17129